| 000 | 00535cam a2200181 4500500 | ||
|---|---|---|---|
| 005 | 20260405002113.0 | ||
| 041 | _afre | ||
| 042 | _adc | ||
| 100 | 1 | 0 |
_aDuru, Martin _eauthor |
| 245 | 0 | 0 | _aOEuvres (Tome 1) |
| 260 | _c2015. | ||
| 500 | _a25 | ||
| 690 | _aMichel Foucault | ||
| 690 | _aPatrick Boucheron | ||
| 690 | _aPléiade | ||
| 786 | 0 | _nPhilosophie magazine | 94 | 11 | 2015-11-01 | p. 56-59 | 1951-1787 | |
| 856 | 4 | 1 | _uhttps://shs.cairn.info/magazine-philosophie-magazine-2015-11-page-56?lang=fr&redirect-ssocas=7080 |
| 999 |
_c2054271 _d2054271 |
||